| 000 | 00699nam a2200217Ii 4500 | ||
|---|---|---|---|
| 003 | JO-AjNU | ||
| 008 | 230605s9999||||xx |||||||||||||| ||und|| | ||
| 017 | _a1987/8/677 | ||
| 040 |
_aJO-AjNU _bara _erda _cJO-AjNU |
||
| 041 | _aara | ||
| 050 | 1 | 4 | _aPJ8548.S57.A52 1987 |
| 100 | 3 |
_aسلاحيان،لوسي ؛ نقلها عن الأرمنية خليلي،نزار, _eauthor _934678 |
|
| 245 | 0 | 0 | _aقلوب حائرة (مجموعة قصص) |
| 250 | _aط1 | ||
| 264 | 3 | 1 | _aدمشق: دار طلاس، 1987 |
| 300 | _a166ص | ||
| 336 |
_atext _btxt _2rdacontent |
||
| 337 |
_aunmediated _bn _2rdamedia |
||
| 338 |
_avolume _bnc _2rdacarrier |
||
| 650 | 4 |
_aالأدب العربي - قصص _934679 |
|
| 999 |
_aA14243 _c17811 _d17811 |
||